000 03716nam a2200325 i 4500
003 EG-GICUC
005 20260427183818.0
008 260427s2008 ua |||fr|||| 00| 0 ara d
040 _a EG-GICUC
_bara
_c EG-GICUC
_d EG-GICUC
_erda
041 0 _aAra
082 0 4 _221
_a343.3807
_bم ج . م
092 0 4 _221
099 _aLaw1 10 343.3807 م ج . م 2008
100 0 _aمجدى محمود محب حافظ
_eمؤلف.
245 1 0 _aموسوعة العدالة فى أحكام النقض الجنائى فى عشر سنوات من 1997 - 2007.
_nالجزء الثالث،
_pمحكم و حيازة وخطا خطف وخلو رجل * خيانة أمانة * دخول عقار بقصد منع حيازته بالقوة * دخول منزل بقصد ارتكاب جريمة + دستور • دعارة • دعوى تاديبية - دعوى جنائية - قيود تحريكها * انقضاؤها بمضى المدة . عدم جواز نظر الدعوى السابقة الفصل فيها ، وقف السير فيها * دعوى مباشرة * دعوى مدنية - نظرها والحكم فيها و تركها و دفاتر تجارية * دفاع في الإخلال بحق الدفاع - ما يوفره و الإخلال بحق الدفاع - ما لا يوفره * دفوع * الدفع بنفي التهمة المدافع بتعذر الرؤية والدفع بتلفيق التهمة ، الدفع بشيوع التهمة - الدفع بطلان القبض و الدفع ببطلان التفتيش و الدفع ببطلان إذن التفتيش - الدفع بانقضاء الدعوى الجنائية بمضى المدة - الدفع ببطلان الإعتراف - الدفع بصدور اذن التفتيش بعد الضبط والدفع بعدم الاختصاص المكاني - الدفع بعدم اذان و از نظر الدعوى تسبق صدور أمر بألا وجه و الدفع بعدم الدستورية - الدفع بعدم قبول الدعوى الجنائية - الدفع بوقف الدعوى تعليقا * الدفع بسقوط حق بعد قيد الحق المدني في اختيار الطريق الجنائي و ذبح حيوانات * رابطة السببية - رد اعتبار - رشوة - رقابة إدارية ، زنا + سب وقذف - سبق إصرار : الرقة - سرقة بإكراه ، سكر ، سلاح و شركات توظيف الأموال • شروع + شهادة الزورة شهادة سلبية + شهادة مرضية و شيك بدون رصيد - صحافة ، صرف الخلافات و صلح + صيادلة - صيد و ضرائب * ضرب * ضرب بسيط . إحداث عامة : ضرب أفضى إلى موت + ضرر * طب - طرق عامة - طعن و ظروف مشددة ظروف مخففة و عقد مقاولة : عقوبة * إقتران - الإعفاء منها . العزل من /
_cتأليف دكتور مجدى محمود محب حافظ.
264 1 _aالقاهرة :
_bدار شادى،
_bدار العدالة،
_c2008.
300 _a1069 - 1585 ؛صفحة
_c24 سم.
_bإيضاحيات، صور، مثيليات ؛
336 _2rda content
_atext
337 _2rda media
_aComputer
338 _2rda carrier
_aOnline Resource
504 _a. 240-220 ببليوجرافيا: صفحات.
505 _aالجزء الثالث يحتوى من حرف الحاء إلى حرف العين
546 _aالنص باللغة العربية
650 1 _aالأحكام الجنائية
_xأحكام النقض
_2qrmak
650 1 _aالقانون الجنائى
_2qrmak
651 1 _2qrmak
856 4 0 _uhttps://fll.law.cu.edu.eg/fulltext/bks/B10-10695.pdf
905 _a54
942 _2ddc
_cBK
_e21
_n0
999 _c73720
_d73720